|
|
|
|
| LEADER |
00000cam a2200000 a 4500 |
| 001 |
67400 |
| 003 |
Ucuenca |
| 005 |
20230308161233.0 |
| 008 |
997122|1995 ||||||||r|||||||||||spa|| |
| 020 |
|
|
|a 0801307759
|
| 040 |
|
|
|b spa
|
| 041 |
1 |
|
|a spa
|
| 082 |
0 |
|
|a 370.15
|
| 245 |
|
|
|a Psicología educativa contemporánea
|c Thomas L. Good y Jere Brophy. Traductor Jorge Alberto Velazques Arellano
|h imp
|
| 246 |
|
|
|a Contemporary Educational Psychology
|
| 250 |
|
|
|a 5a ed.
|
| 264 |
|
|
|a México
|b Copyright
|c 1995
|
| 300 |
|
|
|a xx, 575 páginas:
|b ilu
|
| 500 |
|
|
|a PDF, contiene índice e introducción
|
| 504 |
|
|
|a incl. ref.
|
| 650 |
|
0 |
|a Motivación
|9 9517
|
| 650 |
|
|
|a Piaget
|9 24701
|
| 650 |
|
|
|a Educacion en valores
|9 2228
|
| 653 |
|
|
|a E
|
| 700 |
1 |
|
|a Good, Thomas L.
|9 193079
|
| 700 |
1 |
|
|a Brophy, Jere
|9 193080
|
| 852 |
|
|
|a UC-CDJBV
|f Compra
|k npena
|l 1
|m General
|p 19971223
|t 67400
|y 117023
|b 0
|d CDRC
|e CDRC
|g 370.15 PRIMER PISO
|u http://nas.ucuenca.edu.ec/BibliotecaDigital/ebooks/librosyrev/67400.pdf
|z 1997-71-22
|
| 856 |
|
|
|u http://nas.ucuenca.edu.ec/BibliotecaDigital/ebooks/librosyrev/67400.pdf
|
| 942 |
|
|
|c BK
|0 3
|
| 999 |
|
|
|c 13760
|d 13760
|